Plant cell biotechnology (Record no. 11886)

MARC details
000 -LEADER
fixed length control field 00440nam a2200169Ia 4500
008 - FIXED-LENGTH DATA ELEMENTS--GENERAL INFORMATION
fixed length control field 230917s9999||||xx |||||||||||||| ||und||
020 ## - ISBN
Price RS795
040 ## - CATALOGING SOURCE
-- 218314
Original cataloging agency VIVEKANANDA LIBRARY
041 ## - Language
-- English
082 ## - DDC NUMBER
Classification number 660.602458 E25P
100 ## - MAIN ENTRY--PERSONAL NAME
Personal name Endress, R
245 #0 - TITLE STATEMENT
Title Plant cell biotechnology
260 ## - PUBLICATION, DISTRIBUTION, ETC. (IMPRINT)
Place of publication, distribution, etc New Delhi
Name of publisher, distributor, etc Springer (India)
Date of publication, distribution, etc 2014
300 ## - PHYSICAL DESCRIPTION
Pages xiv, 353 p.
500 ## - GENERAL NOTE
General note 1609 23/07/2014 IBP51 25/07/2014 UIET (SFS)
942 ## - ADDED ENTRY ELEMENTS (KOHA)
Koha item type Books
Holdings
Withdrawn status Lost status Damaged status Not for loan Location (home branch) Sublocation or collection (holding branch) Shelving location Date acquired Koha issues (times borrowed) Koha full call number Accession No. Koha date last seen Koha item type
        VIVEKANANDA LIBRARY VIVEKANANDA LIBRARY UIET Library 13/08/2014   660.602458 E25P 307237 17/09/2023 Books
        VIVEKANANDA LIBRARY VIVEKANANDA LIBRARY UIET Library 13/08/2014   660.602458 E25P 307238 17/09/2023 Books
        VIVEKANANDA LIBRARY VIVEKANANDA LIBRARY UIET Library 13/08/2014   660.602458 E25P 307239 17/09/2023 Books
        VIVEKANANDA LIBRARY VIVEKANANDA LIBRARY UIET Library 13/08/2014   660.602458 E25P 307240 17/09/2023 Books
        VIVEKANANDA LIBRARY VIVEKANANDA LIBRARY UIET Library 13/08/2014   660.602458 E25P 307241 17/09/2023 Books
        VIVEKANANDA LIBRARY VIVEKANANDA LIBRARY UIET Library 13/08/2014   660.602458 E25P 307242 17/09/2023 Books
        VIVEKANANDA LIBRARY VIVEKANANDA LIBRARY UIET Library 13/08/2014   660.602458 E25P 307243 17/09/2023 Books
        VIVEKANANDA LIBRARY VIVEKANANDA LIBRARY UIET Library 13/08/2014   660.602458 E25P 307244 17/09/2023 Books
        VIVEKANANDA LIBRARY VIVEKANANDA LIBRARY UIET Library 13/08/2014   660.602458 E25P 307245 17/09/2023 Books
        VIVEKANANDA LIBRARY VIVEKANANDA LIBRARY UIET Library 13/08/2014   660.602458 E25P 307246 17/09/2023 Books
        VIVEKANANDA LIBRARY VIVEKANANDA LIBRARY UIET Library 13/08/2014   660.602458 E25P 307247 17/09/2023 Books
        VIVEKANANDA LIBRARY VIVEKANANDA LIBRARY UIET Library 13/08/2014   660.602458 E25P 307248 17/09/2023 Books
        VIVEKANANDA LIBRARY VIVEKANANDA LIBRARY UIET Library 13/08/2014   660.602458 E25P 307249 17/09/2023 Books
        VIVEKANANDA LIBRARY VIVEKANANDA LIBRARY UIET Library 13/08/2014   660.602458 E25P 307250 17/09/2023 Books
© Designed and Maintained by Vivekananda Library, MDU Rohtak